| 000 | 00666nam a2200181Ia 4500 | ||
|---|---|---|---|
| 008 | 090124s9999 xx 000 0 und d | ||
| 082 | _b116903 | ||
| 100 | _aनांगरे बलराम ( पाठक गंगाधर रामचंद्र ) | ||
| 245 | _a दैवरेखा | ||
| 250 | _a1 | ||
| 260 | _c1964 | ||
| 300 | _a151 | ||
| 600 | _aनांगरे बलराम ( पाठक गंगाधर रामचंद्र ) | ||
| 630 | _a दैवरेखा | ||
| 700 | _aनांगरे बलराम ( पाठक गंगाधर रामचंद्र ) | ||
| 730 | _a दैवरेखा | ||
| 942 | _cBOOK | ||
| 999 |
_c162989 _d162989 |
||